000 00602nam a2200205Ia 4500
003 OSt
005 20260410122816.0
008 210210b1971 xxu||||| |||| 00| 0 eng d
040 _cAL
041 _aHindi
082 _a294.66H TRIG
100 _aTRIPATI (Ramprasad) and SHASTRI.
_dत्रिपाठी (रामप्रसाद)
_9261382
245 _aGuru Nanak dev.
_bगुरु नानक देव
260 _aHilahabad.
_bNavabarathi Prakashan.,
_c1971
300 _a72
650 _aGuru Nanak Sikhs
_9261383
690 _aHinduism
_9261384
906 _a029051
942 _2ddc
_cBK
999 _c80279
_d80279